000 00301nam a2200133 i 4500
001 bg
100 1 _aPISAREK, W.
245 0 _aPrasa-nasz chleb powszedni /
_cW. Pisarek.
260 _aWrocław,
_c1987.
040 _cBPK
041 _apol
942 _cKS
008 s pl f |000 0 pol
999 _c22268
_d22268
856 _uhttp://koha.tu.koszalin.pl/cgi-bin/koha/opac-detail.pl?biblionumber=22268
_yKatalog online BPK